<?xml version="1.0" encoding="UTF-8"?>
<record
    xmlns:xsi="http://www.w3.org/2001/XMLSchema-instance"
    xsi:schemaLocation="http://www.loc.gov/MARC21/slim http://www.loc.gov/standards/marcxml/schema/MARC21slim.xsd"
    xmlns="http://www.loc.gov/MARC21/slim">

  <leader>00559cam a22001817a 4500</leader>
  <controlfield tag="003">OSt</controlfield>
  <controlfield tag="005">20170317124123.0</controlfield>
  <controlfield tag="008">170317s2017    spc ||||||||| 000 0 spa|d</controlfield>
  <datafield tag="040" ind1=" " ind2=" ">
    <subfield code="b">cat</subfield>
    <subfield code="c">CDMR</subfield>
  </datafield>
  <datafield tag="245" ind1="0" ind2="0">
    <subfield code="a">El informativo de televisi&#xF3;n</subfield>
    <subfield code="b">: producci&#xF3;n, guion y edici&#xF3;n audiovisuales</subfield>
    <subfield code="c">/ Carles Mar&#xED;n (coord.)</subfield>
  </datafield>
  <datafield tag="260" ind1=" " ind2=" ">
    <subfield code="a">Barcelona :</subfield>
    <subfield code="b">Gedisa,</subfield>
    <subfield code="c">2017</subfield>
  </datafield>
  <datafield tag="300" ind1=" " ind2=" ">
    <subfield code="c">23 cm</subfield>
  </datafield>
  <datafield tag="504" ind1=" " ind2=" ">
    <subfield code="a">Bibliografia</subfield>
  </datafield>
  <datafield tag="650" ind1="0" ind2="4">
    <subfield code="a">Televisi&#xF3;</subfield>
    <subfield code="9">3157</subfield>
    <subfield code="x">Noticiaris</subfield>
  </datafield>
  <datafield tag="650" ind1=" " ind2="4">
    <subfield code="a">Televisi&#xF3;</subfield>
    <subfield code="9">4375</subfield>
    <subfield code="x">Manuals, guies, etc</subfield>
  </datafield>
  <datafield tag="700" ind1="1" ind2=" ">
    <subfield code="a">Mar&#xED;n, Carles</subfield>
    <subfield code="d">1971-,</subfield>
    <subfield code="e">ed.</subfield>
    <subfield code="9">3567</subfield>
  </datafield>
  <datafield tag="942" ind1=" " ind2=" ">
    <subfield code="c">MON</subfield>
  </datafield>
  <datafield tag="999" ind1=" " ind2=" ">
    <subfield code="c">7006</subfield>
    <subfield code="d">7006</subfield>
  </datafield>
  <datafield tag="952" ind1=" " ind2=" ">
    <subfield code="0">0</subfield>
    <subfield code="1">0</subfield>
    <subfield code="4">0</subfield>
    <subfield code="7">0</subfield>
    <subfield code="a">CDMR</subfield>
    <subfield code="b">CDMR</subfield>
    <subfield code="d">2017-03-17</subfield>
    <subfield code="e">Intercanvi</subfield>
    <subfield code="g">12.50</subfield>
    <subfield code="l">4</subfield>
    <subfield code="m">2</subfield>
    <subfield code="o">Fo 6/18</subfield>
    <subfield code="p">CDMR17030007</subfield>
    <subfield code="r">2020-01-14</subfield>
    <subfield code="s">2019-12-31</subfield>
    <subfield code="v">12.50</subfield>
    <subfield code="w">2017-03-17</subfield>
    <subfield code="y">MON</subfield>
  </datafield>
</record>
